000 00277nam a2200121Ia 4500
008 191201s2019 xx 000 0 und d
100 _aGUPTA,J.B.
245 0 _aCommunication Skills
260 _aN. delhi
_bOxford pub
300 _aNULL
650 _aApplied
942 _2ddc
_cBK
_02
999 _c482
_d482